000 01638nam0a22003251 4500
001 v19\rc\2051505
005 20250620022346.0
035 _a(NLR Aleph) 005130070
090 _a4700217
_c4700217
100 _a20081111g19071908|||y0rusy50 ca
101 1 _arus
_cger
102 _aRU
105 _aa d |||||
200 1 _aТеррариум и его обитатели
_eПо книге д-ра Креффт "Das Terrarium"
210 _a[Санкт-Петербург
_d1907-1908]
215 _a32 с.
_cил.
_d24
309 _aБез тит. л. и обл.
309 _aТекст обрывается на с. 32
311 _aПрил. к Журн. О-ва любителей комнат. растений и аквариумов, 1907, № 2; 1908, № 2
316 _aЭкз. РНБ (2/479): приплетено...
_5NLR: 2/479
422 0 _12001#$aЖурнал Общества любителей комнатных растений и аквариумов$v1907, № 2; 1908, № 2
_tЖурнал Общества любителей комнатных растений и аквариумов
482 0 _12001#$aЖурнал Общества любителей комнатных растений и аквариумов$v1907, № 2; 1908, № 2
_tЖурнал Общества любителей комнатных растений и аквариумов
500 1 0 _6z01702
_aDas Terrarium
700 1 _aКреффт
_bП.
_gПауль
702 1 _6z01500
_aКреффт
_bП.
_gПауль
_4570
801 0 _aRU
_bNLR
_gpsbo
801 1 _aRU
_bProSoft-M
_2rusmarc
852 _aNLR
_j2/479
942 _cBOOK
980 _aNB